Normal view
MARC view
- Shahid Syn no. 1
Entry Personal Name
001 - CONTROL NUMBER
- control field: 47829
003 - CONTROL NUMBER IDENTIFIER
- control field: NUST
005 - DATE AND TIME OF LATEST TRANSACTION
- control field: 20210314133920.0
008 - FIXED-LENGTH DATA ELEMENTS
- fixed length control field: 210314|| aca||aabn | a|a d
040 ## - CATALOGING SOURCE
- Original cataloging agency: NUST
- Transcribing agency: NUST
100 ## - HEADING--PERSONAL NAME
- Personal name: Shahid Syn no. 1
670 ## - SOURCE DATA FOUND
- Source citation: Work cat.: (NUST): Shahid Syn no. 1, Over Head Water Tank, c2000.
